Les fromages français AOP - Statistiques

Statistiques générales
  • Ce quiz a été pris 1 080 fois
  • Le résultat moyen est 5 sur 16
Answers on the Grid
Answers color-coded by a green-red scale on the quiz's grid according to % correct below.
Selles sur Cher
Valençay
Camembert
Chaource
Banon
Emmental de Savoie
Brillat-Savarin
Coulommiers
Clacbitou
Charolais
Soumaitrain
Chevrotin
Bleu des Causses
Ossau Iraty
Tomme de Savoie
Raclette de Savoie
Rigotte de Condrieu
Pélardon
Picodon
Saint-Félicien
Rovethym
Brocciu
Venaco
Greuilh
Tomme des Pyrénées
Roquefort
Fourme de Montbrison
Bethmale
Rocamadour
Le Curé Nantais
Bleu de Séverac
Gruyère Français
 
Statistiques - réponses
Réponse % Correct
AOP Roquefort
56%
AOP Camembert
52%
AOP Ossau Iraty
50%
AOP Rocamadour
41%
AOP Chaource
36%
AOP Brocciu
35%
AOP Picodon
29%
AOP Selles sur Cher
28%
AOP Valençay
28%
AOP Pélardon
26%
AOP Bleu des Causses
25%
AOP Banon
22%
AOP Chevrotin
22%
AOP Fourme de Montbrison
22%
AOP Charolais
21%
AOP Rigotte de Condrieu
15%
Aucun quiz correspondant
Distribution des résultats
% des personnes avec chaque résultat
Percentile par nombre de réponses
Votre historique - résultats
Vous n’avez pas pris ce quiz